La enseñanza rizomática. Un estudio interpretativo sobre la docencia en la universidad (Record no. 199598)
[ view plain ]
| 000 -CABECERA | |
|---|---|
| campo de control de longitud fija | 01890nab a2200265 a 4500 |
| 005 - FECHA Y HORA DE LA ÚLTIMA TRANSACCIÓN | |
| campo de control | 20240924070259.0 |
| 008 - ELEMENTOS DE LONGITUD FIJA--INFORMACIÓN GENERAL | |
| campo de control de longitud fija | 991125c2018 ag ar p o 000 0 spa d |
| 035 ## - NÚMERO DE CONTROL DEL SISTEMA | |
| Número de control de sistema | UPN01000227503 |
| 040 ## - FUENTE DE LA CATALOGACIÓN | |
| Centro catalogador/agencia de origen | UPN |
| Lengua de catalogación | spa |
| Centro/agencia transcriptor | UPN |
| Normas de descripción | aacr2 |
| 049 ## - COLECCIÓN | |
| Colección | ART-E |
| 100 1# - ASIENTO PRINCIPAL--NOMBRE PERSONAL | |
| Nombre de persona | Flores, Graciela |
| Enlace | - luisporta510@gmail.com |
| 100 1# - ASIENTO PRINCIPAL--NOMBRE PERSONAL | |
| Nombre de persona | Porta, Luis |
| 245 13 - MENCIÓN DE TÍTULO | |
| Título | La enseñanza rizomática. Un estudio interpretativo sobre la docencia en la universidad |
| Medio | [recurso electrónico en línea] |
| 506 0# - NOTA DE RESTRICCIONES AL ACCESO | |
| Limitaciones de acceso | Acceso abierto |
| 520 3# - NOTA DE RESUMEN, ETC. | |
| Sumario, etc. | La enseñanza rizomática es una categoría vinculada con la enseñanza apasionada de una profesora memorable de la Universidad Nacional de Mar del Plata, surgida de nuestra investigación en torno a la dimensión ética de la enseñanza en el nivel superior. Mediante la explicitación de la mencionada categoría visibilizamos sentidos y significados aportados por los sujetos que protagonizan sus clases en conjunción con nuestra interpretación de nuestros registros de campo. La enseñanza rizomática conlleva el interjuego de lo ético, lo epistemológico y lo político y se vincula con la consideración de la clase como acontecimiento porque habilita la efectuación de actos de “sentidización” y resistencia a las clausuras de significado y posibilita la potenciación de los estudiantes mediante el ejercicio de la libertad que esta enseñanza conlleva, puesto que contrasta con la transmisión orientada a replicar un modo de ser y pensar. |
| 650 #4 - ASIENTO SECUNDARIO DE MATERIA - TERMINO TEMATICO | |
| Término de materia o nombre geográfico como elemento de entrada | Educación superior |
| 9 (RLIN) | 32 |
| 650 #4 - ASIENTO SECUNDARIO DE MATERIA - TERMINO TEMATICO | |
| Término de materia o nombre geográfico como elemento de entrada | Ética |
| 9 (RLIN) | 12720 |
| 650 #4 - ASIENTO SECUNDARIO DE MATERIA - TERMINO TEMATICO | |
| Término de materia o nombre geográfico como elemento de entrada | Educación |
| Subdivisión general | Investigación |
| 9 (RLIN) | 4070 |
| 653 0# - TERMINO DE INDIZACION - NO CONTROLADO | |
| Término no controlado | Epistemología |
| 773 ## - ENLACE AL DOCUMENTO FUENTE/ENTRADA DE REGISTRO ANFITRIÓN | |
| Parte(s) relacionada(s) | Vol. 15, no. 15 (2018), p. 1-28 |
| Título | Educación, lenguaje y sociedad |
| Número Internacional Normalizado para Publicaciones Seriadas | 2545-7667 |
| 856 4# - LOCALIZACIÓN Y ACCESO ELECTRÓNICOS | |
| Identificador Uniforme del Recurso | <a href="https://cerac.unlpam.edu.ar/index.php/els/article/view/3433/3350">https://cerac.unlpam.edu.ar/index.php/els/article/view/3433/3350</a> |
| 856 4# - LOCALIZACIÓN Y ACCESO ELECTRÓNICOS | |
| Identificador Uniforme del Recurso | <a href="http://dx.doi.org/10.19137/els-2018-151505">http://dx.doi.org/10.19137/els-2018-151505</a> |
| 905 ## - TIPO DE MATERIAL | |
| Tipo de material | Articulo |
| 942 ## - ELEMENTOS DE PUNTO DE ACCESO ADICIONAL (KOHA) | |
| Tipo de ítem Koha | Artículo Electrónico |
| Estado de retiro | Estado de pérdida | Estado dañado | No para préstamo | Código de colección | Localización permanente | Ubicación/localización actual | Ubicación en estantería | Fecha de adquisición | Total de préstamos | Fecha visto por última vez | Identificador Uniforme del Recurso | Precio válido a partir de | Tipo de ítem Koha |
|---|---|---|---|---|---|---|---|---|---|---|---|---|---|
| Acceso abierto | Bib. Gregorio Torres Quintero | Bib. Gregorio Torres Quintero | En línea | 12/10/2023 | 12/10/2023 | https://cerac.unlpam.edu.ar/index.php/els/article/view/3433/3350 | 12/10/2023 | Artículo Electrónico |
